Statistics for Country Shapes In A Gingerbread Man

Click here to take the quiz!

General Stats

  • This quiz has been taken 111 times
  • The average score is 7 of 10

Answers on the Map

Answers color-coded by a green-red scale on the quiz's map according to % correct below.
 

Answer Stats

Country% Correct
Chile
90%
Portugal
85%
Pakistan
83%
Turkey
80%
Croatia
79%
Tunisia
73%
Kosovo
68%
Sweden
66%
Nepal
55%
Sierra Leone
46%

Score Distribution

Percentile by Number Answered

Percent of People with Each Score

Your Score History

You have not taken this quiz